000 00286 a2200109 4500
000 nam a22 7a 4500
005 20251203111007.0
100 _aDajvi, Ali
_9853996
245 _aMausua al-sanaat al-zaraiyat wa ghazaiya wa al-baiyat
260 _bMadbouly books
_c2008
942 _cTB
999 _c1465770
_d1465770